| 000 | 01046nam a22003017a 4500 | ||
|---|---|---|---|
| 003 | CHAP | ||
| 005 | 20220329140804.0 | ||
| 008 | 971013s1950 r 00010 d | ||
| 010 | _a57635 | ||
| 011 | _a58607 | ||
| 035 | _a62762 | ||
| 040 | _cCHAP | ||
| 082 |
_a581.9726 _bS6 |
||
| 100 | 0 | 0 |
_aSouza Novelo, Narciso. _9109000 |
| 245 | _aPlantas alimenticias y plantas de condimento que viven en Yucatán | ||
| 260 |
_aMérida, Yuc. : _bInstituto Técnico Agricola Henequenero, _c1950 |
||
| 300 | _a265 p. | ||
| 590 |
_aBATCH-UPD _b10 _c20130110 _lUCH01 _h1806 |
||
| 590 |
_aBATCH-UPD _b10 _c20130410 _lUCH01 _h1141 |
||
| 590 |
_aBATCH-UPD _b10 _c20130914 _lUCH01 _h0734 |
||
| 590 |
_aCONVERSION _b10 _c20130109 _lUCH01 _h1331 |
||
| 650 | 1 | 4 |
_aBotánica _xYucatán. _914635 |
| 901 | _aBK | ||
| 942 | _cLIBRO | ||
| 949 |
_a581.9726 S6 _bBC _cLIBRO _d33724000356119 _eLIBRO _h9715 _i62762 _si |
||
| 949 |
_a581.9726 S6 _bBC _cLIBRO _d33724000356135 _eLIBRO _fc.3 _h27337 _i62762 _si |
||
| 949 |
_a581.9726 S6 _bBC _cLIBRO _d33724000356143 _eLIBRO _fc.2 _h9716 _i62762 _si |
||
| 999 |
_c57635 _d57635 |
||